Kritika : (Record no. 10180)
[ view plain ]
| 000 -LEADER | |
|---|---|
| fixed length control field | 01033nam a22002657i 4500 |
| 003 - CONTROL NUMBER IDENTIFIER | |
| control field | URS |
| 005 - DATE AND TIME OF LATEST TRANSACTION | |
| control field | 20250120181354.0 |
| 008 - FIXED-LENGTH DATA ELEMENTS--GENERAL INFORMATION | |
| fixed length control field | 160925b xxu||||| |||| 00| 0 eng d |
| 020 ## - INTERNATIONAL STANDARD BOOK NUMBER | |
| International Standard Book Number | 978-971-0445-424 |
| 040 ## - CATALOGING SOURCE | |
| Description conventions | rda |
| Transcribing agency | URS |
| Language of cataloging | English |
| 050 ## - LIBRARY OF CONGRESS CALL NUMBER | |
| Classification number | PS9991 |
| Item number | .K898 2009 |
| 245 ## - TITLE STATEMENT | |
| Title | Kritika : |
| Remainder of title | selected readings in Philippine literature from Pre-Colonial to Post EDSA / |
| Statement of responsibility, etc | Jaime Gutierrez-Ang. |
| 264 #1 - PUBLICATION, DISTRIBUTION, ETC. (IMPRINT) | |
| Place of publication, distribution, etc | Intramuros, Manila : |
| Name of publisher, distributor, etc | Mindshapers Company, Incorporated, |
| Date of publication, distribution, etc | ©2009. |
| 300 ## - PHYSICAL DESCRIPTION | |
| Extent | viii, 267 pages ; |
| Dimensions | 25 cm. |
| 336 ## - CONTENT TYPE | |
| Content type term | text |
| Content type code | txt |
| Source | rdacontent |
| 337 ## - MEDIA TYPE | |
| Media type term | unmediated |
| Media type code | n |
| Source | rdamedia |
| 338 ## - CARRIER TYPE | |
| Carrier type term | volume |
| Carrier type code | nc |
| Source | rdacarrier |
| 504 ## - BIBLIOGRAPHY, ETC. NOTE | |
| Bibliography, etc | Includes bibliographical references. |
| 650 ## - SUBJECT ADDED ENTRY--TOPICAL TERM | |
| Topical term or geographic name as entry element | Philippine literature (English) |
| Form subdivision | Study and teachings. |
| 650 ## - SUBJECT ADDED ENTRY--TOPICAL TERM | |
| Topical term or geographic name as entry element | Philippine literature (English) |
| Form subdivision | History and criticism. |
| 650 ## - SUBJECT ADDED ENTRY--TOPICAL TERM | |
| Topical term or geographic name as entry element | Philippine literature (English) |
| Form subdivision | Problem, exercises, etc. |
| 650 ## - SUBJECT ADDED ENTRY--TOPICAL TERM | |
| Topical term or geographic name as entry element | Philippine literature (English) |
| Form subdivision | Collected works. |
| 700 ## - ADDED ENTRY--PERSONAL NAME | |
| Personal name | Ang, Jaime Gutierrez, |
| Relator term | editor. |
| 9 (RLIN) | 6179 |
| 942 ## - ADDED ENTRY ELEMENTS (KOHA) | |
| Source of classification or shelving scheme | Library of Congress Classification |
| Koha item type | Filipiniana |
| Withdrawn status | Lost status | Source of classification or shelving scheme | Damaged status | Not for loan | Collection code | Home library | Current library | Shelving location | Date acquired | Source of acquisition | Total Checkouts | Full call number | Barcode | Date last seen | Copy number | Koha item type |
|---|---|---|---|---|---|---|---|---|---|---|---|---|---|---|---|---|
| Library of Congress Classification | Non-fiction | Taytay College Library | Taytay College Library | Filipiniana Section | 11/10/2009 | Purchased | PS9991 .K8985 2009 | URSTAY-2458 | 06/03/2025 | 1 | Filipiniana | |||||
| Library of Congress Classification | Non-fiction | Taytay College Library | Taytay College Library | Filipiniana Section | 11/10/2009 | Purchased | PS9991 .K898 2009 | URSTAY-2459 | 06/03/2025 | 2 | Filipiniana | |||||
| Library of Congress Classification | Non-fiction | Taytay College Library | Taytay College Library | Filipiniana Section | 11/10/2009 | Purchased | PS9991 .K898 2009 | URSTAY-2460 | 06/03/2025 | 3 | Filipiniana | |||||
| Library of Congress Classification | Non-fiction | Taytay College Library | Taytay College Library | Filipiniana Section | 11/10/2009 | Purchased | PS9991 .K898 2009 | URSTAY-2461 | 06/03/2025 | 4 | Filipiniana | |||||
| Library of Congress Classification | Non-fiction | Taytay College Library | Taytay College Library | Filipiniana Section | 11/10/2009 | Purchased | PS9991 .K898 2009 | URSTAY-2462 | 06/03/2025 | 5 | Filipiniana |